[Event "Gibtelecom Masters 8th"]
[Site "Gibraltar"]
[Date "2010.02.03"]
[Round "9.27"]
[White "Sedina, Elena"]
[Black "Sarkar, Justin"]
[Result "0-1"]
[WhiteElo "2335"]
[BlackElo "2378"]
[PlyCount "72"]
[EventDate "2010.01.26"]
[EventType "swiss"]
[EventRounds "10"]
[EventCountry "GGB"]
[SourceDate "2005.02.07"]

1. e4 c5 2. Nf3 Nc6 3. Bb5 Nf6 4. Nc3 g6 5. h3 Bg7 6. e5 Ng8 7. Bxc6 dxc6 8. d3
Nh6 9. Be3 Qa5 10. g4 f5 11. exf6 exf6 12. Nd2 O-O 13. Nb3 Qc7 14. Qd2 Nf7 15Nxc5 f5 16. gxf5 Bxf5 17. O-O-O Rad8 18. Bf4 Qb6 19. Nb3 Rfe8 20. Be3 Qc7 21d4 b6 22. Qe2 Qc8 23. Qf3 c5 24. dxc5 Bxc3 25. Rxd8 Nxd8 26. bxc3 Be4 27. Qd1
Bxh1 28. Qxh1 bxc5 29. Qd5+ Nf7 30. Nxc5 Qxh3 31. Nb3 h5 32. Bd4 Qe6 33. Qf3
Nd6 34. Be3 Nc4 35. Nd4 Qe4 36. Qf6 Qh1# 0-1

[Event "Gibtelecom Masters 8th"]
[Site "Gibraltar"]
[Date "2010.02.03"]
[Round "9.28"]
[White "Dworakowska, Joanna"]
[Black "Seitz, Benjamin"]
[Result "1-0"]
[WhiteElo "2374"]
[BlackElo "2017"]
[PlyCount "53"]
[EventDate "2010.01.26"]
[EventType "swiss"]
[EventRounds "10"]
[EventCountry "GGB"]
[SourceDate "2005.02.07"]

1. e4 c5 2. Nf3 e6 3. d4 cxd4 4. Nxd4 Qb6 5. Nc3 Bc5 6. Na4 Qa5+ 7. c3 Bxd4 8Qxd4 Nf6 9. Nc5 Nc6 10. Qe3 b6 11. Nb3 Qa4 12. Nd2 Ba6 13. Be2 Bxe2 14. Qxe2 d5
15. exd5 Nxd5 16. Ne4 O-O 17. O-O Ne5 18. b3 Qc6 19. c4 Nf6 20. Nxf6+ gxf6 21Bb2 Qc5 22. Kh1 Rad8 23. f4 Nd7 24. Rad1 Qf5 25. Rd3 Nc5 26. Rg3+ Kh8 27. Rg5
1-0

[Event "Gibtelecom Masters 8th"]
[Site "Gibraltar"]
[Date "2010.02.03"]
[Round "9.29"]
[White "Tate, Alan"]
[Black "Bhat, Vinay S"]
[Result "0-1"]
[WhiteElo "2211"]
[BlackElo "2540"]
[PlyCount "64"]
[EventDate "2010.01.26"]
[EventType "swiss"]
[EventRounds "10"]
[EventCountry "GGB"]
[SourceDate "2005.02.07"]

1. e4 e6 2. d4 d5 3. Nd2 Nf6 4. e5 Nfd7 5. Bd3 c5 6. c3 Nc6 7. Ngf3 g5 8. h3 h5
9. a3 Rg8 10. g4 Rh8 11. O-O hxg4 12. hxg4 Qb6 13. b4 cxd4 14. cxd4 Nxd4 15Bb2 Nc6 16. Nb3 Bg7 17. Qe2 d4 18. Kg2 Ndxe5 19. Nxe5 Nxe5 20. Bxd4 Nxd3 21Qxd3 Bxd4 22. Nxd4 Bd7 23. b5 Qd6 24. Rh1 O-O-O 25. Qc3+ Kb8 26. f3 Rxh1 27Rxh1 e5 28. Nf5 Bxf5 29. gxf5 Rc8 30. Qe3 Rc2+ 31. Kg3 e4+ 32. Kg4 Rg2+ 0-1

[Event "Gibtelecom Masters 8th"]
[Site "Gibraltar"]
[Date "2010.02.03"]
[Round "9.30"]
[White "Videnova, Iva"]
[Black "Cmilyte, Viktorija"]
[Result "0-1"]
[WhiteElo "2301"]
[BlackElo "2489"]
[PlyCount "88"]
[EventDate "2010.01.26"]
[EventType "swiss"]
[EventRounds "10"]
[EventCountry "GGB"]
[SourceDate "2005.02.07"]

1. e4 e5 2. Nf3 Nc6 3. Bb5 f5 4. Nc3 Nf6 5. d3 fxe4 6. dxe4 Bc5 7. Bg5 d6 8O-O O-O 9. Nd5 Kh8 10. Nh4 Nd4 11. Bd3 c6 12. Nxf6 gxf6 13. Bh6 Rg8 14. Kh1 f5
15. Nxf5 Bxf5 16. exf5 e4 17. Bc4 Nxf5 18. Bxg8 Nxh6 19. Be6 Qf6 20. Bh3 Qxb2
21. Rb1 Qg7 22. Rb3 Rf8 23. Qe2 d5 24. Rg3 Qf6 25. Rb3 b5 26. f4 a5 27. g4 Qg6
28. g5 Nf5 29. Bxf5 Rxf5 30. h4 h5 31. Qd2 a4 32. Rg3 Bb6 33. Rg2 Kg7 34. Qb4
Qe6 35. Qc3+ d4 36. Qh3 Kg6 37. Re2 e3 38. Qf3 Bc7 39. Ree1 Rxf4 40. Qg2 Rxh4+
41. Kg1 Bh2+ 42. Qxh2 Rg4+ 43. Qg2 Rxg2+ 44. Kxg2 Qe4+ 0-1

[Event "Gibtelecom Masters 8th"]
[Site "Gibraltar"]
[Date "2010.02.03"]
[Round "9.31"]
[White "Arakhamia-Grant, Ketevan"]
[Black "Nikolaidis, Konstantinos"]
[Result "0-1"]
[WhiteElo "2470"]
[BlackElo "2266"]
[PlyCount "118"]
[EventDate "2010.01.26"]
[EventType "swiss"]
[EventRounds "10"]
[EventCountry "GGB"]
[SourceDate "2005.02.07"]

1. e4 c6 2. d4 d5 3. e5 c5 4. dxc5 e6 5. a3 Nc6 6. Nf3 Bxc5 7. Bd3 Nge7 8. b4
Bb6 9. O-O Ng6 10. Re1 O-O 11. Bb2 Bd7 12. Nbd2 Nce7 13. c4 dxc4 14. Nxc4 Bb5
15. Nxb6 Qxb6 16. Bd4 Qa6 17. Bc2 Rfd8 18. a4 Bc4 19. Qd2 b6 20. Qg5 Bd5 21. b5
Qb7 22. Bd1 Rac8 23. Bb2 Nf5 24. Rc1 h6 25. Rxc8 Rxc8 26. Qd2 Qe7 27. Bc3 Rd8
28. Qc1 Bb7 29. Be2 Rc8 30. Qd2 Rd8 31. Qc1 Rc8 32. Qd2 Rd8 33. Qc1 Rc8 34. g3
Qc5 35. Bd2 Qd5 36. Qb2 Ngh4 37. gxh4 Nxh4 38. Qa3 Qe4 39. Kf1 Nxf3 40. Bxf3
Qxf3 41. Qxf3 Bxf3 42. Re3 Bd5 43. Rc3 Rxc3 44. Bxc3 Bb3 45. a5 Bc4+ 46. Ke1
bxa5 47. Bxa5 Bxb5 48. Bb4 g5 49. Kd2 Kg7 50. Be7 Kg6 51. Ke3 Kf5 52. Bd6 Kg4
53. Bf8 h5 54. Be7 Kh3 55. Bxg5 Kxh2 56. Bd8 Kg2 57. Bh4 a5 58. Bd8 a4 59. Be7
h4 0-1

[Event "Gibtelecom Masters 8th"]
[Site "Gibraltar"]
[Date "2010.02.03"]
[Round "9.32"]
[White "Kozlov, Oleg"]
[Black "Siebrecht, Sebastian"]
[Result "0-1"]
[WhiteElo "2279"]
[BlackElo "2468"]
[PlyCount "112"]
[EventDate "2010.01.26"]
[EventType "swiss"]
[EventRounds "10"]
[EventCountry "GGB"]
[SourceDate "2005.02.07"]

1. c4 d6 2. g3 g6 3. Bg2 Bg7 4. d4 Nf6 5. Nf3 O-O 6. Nc3 Nc6 7. O-O a6 8. e3
Rb8 9. a3 b5 10. cxb5 axb5 11. b4 Bd7 12. Bb2 e6 13. e4 Ne8 14. Re1 Ne7 15. e5
Nc8 16. Bf1 f6 17. d5 fxe5 18. Nxe5 Bxe5 19. Rxe5 dxe5 20. dxe6 Ned6 21. exd7
Qxd7 22. Nd5 c6 23. Ne3 Qe6 24. Ng4 Nf7 25. Bh3 g5 26. Qf1 h5 27. Nxe5 g4 28Nxf7 gxh3 29. Ng5 Qg6 30. Nxh3 Nd6 31. Qg2 Nc4 32. Bd4 Nd2 33. Be3 Nf3+ 34. Kh1
Rbd8 35. Nf4 Qe4 36. Rf1 Rf5 37. h4 Qc4 38. Nh3 Rd3 39. Ng1 Ne5 40. Rc1 Rc3 41Ra1 Rxe3 42. fxe3 Ng4 43. Nh3 Nxe3 44. Qd2 Qe4+ 45. Kg1 Rd5 46. Qf2 Nd1 47. Qf4
Qe1+ 48. Qf1 Qe3+ 49. Kh1 Qe4+ 50. Qg2 Qe1+ 51. Qg1 Qc3 52. Ra2 Nb2 53. Nf2 Re5
54. Kh2 Re2 55. Qf1 Qf3 56. Kg1 Qxg3+ 0-1

[Event "Gibtelecom Masters 8th"]
[Site "Gibraltar"]
[Date "2010.02.03"]
[Round "9.33"]
[White "Getz, Nicolai"]
[Black "Zatonskih, Anna"]
[Result "1-0"]
[WhiteElo "2280"]
[BlackElo "2466"]
[PlyCount "90"]
[EventDate "2010.01.26"]
[EventType "swiss"]
[EventRounds "10"]
[EventCountry "GGB"]
[SourceDate "2005.02.07"]

1. e4 d5 2. exd5 Qxd5 3. Nc3 Qd6 4. d4 c6 5. Nf3 Bg4 6. g3 Bxf3 7. Qxf3 Qxd4 8Bg2 Nf6 9. O-O Nbd7 10. Bf4 Qb6 11. a4 a6 12. a5 Qd8 13. g4 e6 14. g5 Nd5 15Nxd5 cxd5 16. c4 Bb4 17. cxd5 e5 18. Qb3 Bxa5 19. Bxe5 Nxe5 20. Qa4+ Qd7 21Qxa5 O-O 22. Qc3 Qd6 23. f4 Ng6 24. Qd4 Rad8 25. f5 Ne5 26. f6 Rfe8 27. fxg7
Qg6 28. h4 Qh5 29. Rf4 Qe2 30. Rf2 Qg4 31. Qxg4 Nxg4 32. Rd2 Ne3 33. Re1 Nxg2
34. Rxe8+ Rxe8 35. Kxg2 Kxg7 36. Kf3 f6 37. Rc2 fxg5 38. Rc7+ Kg6 39. hxg5 Re5
40. d6 Re8 41. Kf4 Rd8 42. Ke5 Kxg5 43. d7 h5 44. Kd6 h4 45. Rc8 Rxc8 1-0

[Event "Gibtelecom Masters 8th"]
[Site "Gibraltar"]
[Date "2010.02.03"]
[Round "9.34"]
[White "Martsynovskaya, Marina"]
[Black "Bellon Lopez, Juan Manuel"]
[Result "0-1"]
[WhiteElo "2184"]
[BlackElo "2440"]
[PlyCount "112"]
[EventDate "2010.01.26"]
[EventType "swiss"]
[EventRounds "10"]
[EventCountry "GGB"]
[SourceDate "2005.02.07"]

1. e4 c5 2. Nf3 e6 3. d4 cxd4 4. Nxd4 a6 5. Nc3 Qc7 6. Be3 Nf6 7. Bd3 Nc6 8O-O Nxd4 9. Bxd4 Bc5 10. Bxc5 Qxc5 11. Qe2 d6 12. Kh1 e5 13. f4 Be6 14. f5 Bd7
15. a4 Bc6 16. Bc4 Rc8 17. Bb3 O-O 18. Rad1 Rfd8 19. Rd3 b5 20. axb5 axb5 21Nd5 Bxd5 22. exd5 h6 23. Qe1 Re8 24. g4 e4 25. Rg3 e3 26. Kg2 Re4 27. g5 hxg5
28. Rxg5 Qd4 29. Qg3 Rg4 30. Rxg4 Nxg4 31. h3 Qe4+ 32. Kg1 Nf2 33. Kh2 Re8 34Re1 Qd4 35. Qf3 Re4 36. c3 Qe5+ 37. Qg3 Nd3 38. Qxe5 Rxe5 39. Re2 Nc1 40. Bd1
Nxe2 41. Bxe2 Rxd5 42. Kg3 Rxf5 43. b4 g6 44. Bd3 Rd5 45. Be2 f5 46. c4 Rd4 47cxb5 Rxb4 48. Kf3 f4 49. Bd3 Kg7 50. Kg4 Kf6 51. h4 d5 52. Kf3 Ke5 53. Bxg6
Rxb5 54. h5 Kf6 55. Bd3 Rb3 56. Bg6 Kg5 0-1

[Event "Gibtelecom Masters 8th"]
[Site "Gibraltar"]
[Date "2010.02.03"]
[Round "9.35"]
[White "Hirneise, Tobias"]
[Black "Marchand, Francois"]
[Result "1-0"]
[WhiteElo "2421"]
[BlackElo "2244"]
[PlyCount "69"]
[EventDate "2010.01.26"]
[EventType "swiss"]
[EventRounds "10"]
[EventCountry "GGB"]
[SourceDate "2005.02.07"]

1. e4 c6 2. c4 e5 3. Nf3 Nf6 4. Nc3 d6 5. d4 Qc7 6. Be2 Be7 7. O-O O-O 8. Be3
Nbd7 9. d5 c5 10. Nd2 Ne8 11. g3 g6 12. f4 Ng7 13. f5 g5 14. Nf3 f6 15. g4 h6
16. h4 Rf7 17. Kg2 Nf8 18. Rh1 Ne8 19. Rh3 Bd8 20. Qd2 Rh7 21. Rah1 b6 22. Bd3
a6 23. Ne2 Ra7 24. Ng3 Qf7 25. Nh5 Ng7 26. Nxf6+ Bxf6 27. hxg5 hxg5 28. Bxg5
Rxh3 29. Rxh3 Nh7 30. Bxf6 Nxf6 31. Qh6 Kf8 32. Ng5 Qe7 33. Qh8+ Ng8 34. f6 Qd8
35. Nh7+ 1-0

[Event "Gibtelecom Masters 8th"]
[Site "Gibraltar"]
[Date "2010.02.03"]
[Round "9.36"]
[White "Nezad, Husein Aziz"]
[Black "Lyell, Mark"]
[Result "1-0"]
[WhiteElo "2408"]
[BlackElo "2224"]
[PlyCount "133"]
[EventDate "2010.01.26"]
[EventType "swiss"]
[EventRounds "10"]
[EventCountry "GGB"]
[SourceDate "2005.02.07"]

1. e4 e5 2. Nf3 Nc6 3. Bb5 f5 4. Nc3 fxe4 5. Nxe4 Nf6 6. Nxf6+ Qxf6 7. Qe2 Be7
8. Bxc6 bxc6 9. Nxe5 Qe6 10. Qe3 O-O 11. O-O c5 12. b3 d6 13. Nc4 Qg6 14. Bb2
Bh4 15. Rae1 Bf5 16. Qc3 Bxc2 17. Re6 Rf6 18. Rxf6 Bxf6 19. Qf3 Re8 20. Bxf6
Qxf6 21. Qc6 Qf7 22. Ne3 Be4 23. Qa4 h6 24. Rc1 Qg6 25. h3 Kh7 26. Kh2 h5 27Rc3 Rf8 28. Kg1 Rf3 29. Kf1 Rxe3 30. Rxe3 Bxg2+ 31. Ke2 Qb1 32. Rc3 Qf1+ 33Ke3 d5 34. Rxc5 Qe1+ 35. Kd3 Be4+ 36. Kc3 Qc1+ 37. Kb4 Qxd2+ 38. Kb5 Qxf2 39Qxa7 Qe2+ 40. Kb4 Qd2+ 41. Ka3 Bb1 42. Rxc7 Qxa2+ 43. Kb4 Qd2+ 44. Ka3 Qa2+ 45Kb4 Qb2 46. Rc3 Qh2 47. Qd4 Qd6+ 48. Qc5 Qf4+ 49. Ka5 Qf6 50. b4 Bg6 51. b5 d4
52. Rc4 d3 53. Qd4 Qe7 54. Rc6 Qa3+ 55. Kb6 Qf8 56. Kb7 Qf3 57. Ka7 Be4 58. Rc7
Qg2 59. Re7 d2 60. Rd7 d1=Q 61. Qxd1 Qxh3 62. Qd4 Qg2 63. Re7 Bf3 64. Qd3+ Kg8
65. Qc4+ Kh7 66. b6 Qf2 67. Rf7 1-0

[Event "Gibtelecom Masters 8th"]
[Site "Gibraltar"]
[Date "2010.02.03"]
[Round "9.37"]
[White "Tania, Sachdev"]
[Black "Duhayon, Yves"]
[Result "1-0"]
[WhiteElo "2398"]
[BlackElo "2241"]
[PlyCount "56"]
[EventDate "2010.01.26"]
[EventType "swiss"]
[EventRounds "10"]
[EventCountry "GGB"]
[SourceDate "2005.02.07"]

1. d4 d5 2. c4 e6 3. Nc3 Nf6 4. Bg5 Be7 5. cxd5 Nxd5 6. Bxe7 Qxe7 7. e3 O-O 8Nf3 Rd8 9. Rc1 Nf6 10. Qa4 b6 11. Be2 Bb7 12. O-O Nbd7 13. b4 c5 14. bxc5 bxc5
15. Qa3 Qf8 16. Rb1 cxd4 17. Qxf8+ Kxf8 18. Nxd4 Rab8 19. Ncb5 e5 20. Nb3 Bd5
21. Rfc1 Rdc8 22. Nc7 Be4 23. Ra1 Nd5 24. Na6 Nc3 25. Bg4 Rb6 26. Nac5 Nxc5 27Rxc3 Rxb3 28. axb3 f5 1-0

[Event "Gibtelecom Masters 8th"]
[Site "Gibraltar"]
[Date "2010.02.03"]
[Round "9.38"]
[White "Benitah, Yohan"]
[Black "Byron, Alan M"]
[Result "1-0"]
[WhiteElo "2390"]
[BlackElo "2196"]
[PlyCount "55"]
[EventDate "2010.01.26"]
[EventType "swiss"]
[EventRounds "10"]
[EventCountry "GGB"]
[SourceDate "2005.02.07"]

1. d4 Nf6 2. c4 c6 3. Nc3 d5 4. e3 Bf5 5. cxd5 cxd5 6. Nf3 a6 7. Ne5 g6 8. g4
Be6 9. Bg2 h6 10. h3 Bg7 11. O-O Bc8 12. Qa4+ Kf8 13. f4 Be6 14. Bd2 Kg8 15Rac1 Nc6 16. Ne2 Nxe5 17. fxe5 Ne8 18. Ba5 Qd7 19. Qc2 Bf8 20. Rf2 Rh7 21. e4
Rb8 22. exd5 b6 23. dxe6 Qxe6 24. Bc3 Qxa2 25. Nf4 Nc7 26. Bd2 Ne6 27. Bd5 Nxd4
28. Qxg6+ 1-0

[Event "Gibtelecom Masters 8th"]
[Site "Gibraltar"]
[Date "2010.02.03"]
[Round "9.39"]
[White "Solomon, Kenny"]
[Black "Lasinskas, Povilas"]
[Result "1-0"]
[WhiteElo "2368"]
[BlackElo "2174"]
[PlyCount "99"]
[EventDate "2010.01.26"]
[EventType "swiss"]
[EventRounds "10"]
[EventCountry "GGB"]
[SourceDate "2005.02.07"]

1. d4 Nf6 2. c4 b6 3. Nc3 Bb7 4. f3 d6 5. e4 Nbd7 6. Be3 e5 7. Nge2 Be7 8. Ng3
O-O 9. Qd2 c6 10. d5 cxd5 11. cxd5 a6 12. Be2 Rc8 13. Nf5 Kh8 14. h4 Ng8 15. g4
b5 16. Nd1 Nc5 17. Bf1 f6 18. h5 h6 19. b3 Kh7 20. Nb2 Rf7 21. Kf2 Bf8 22. b4
Na4 23. Nxa4 bxa4 24. Bd3 Ne7 25. Ng3 Ra8 26. Rac1 Bc8 27. Qe2 Bb7 28. Qd1 Qd7
29. Bc2 a3 30. Ba4 Qd8 31. Qd3 Nc8 32. Qxa3 Na7 33. Qd3 Qb8 34. Bb3 Bc8 35. a3
Be7 36. Bc4 Bd8 37. Kg2 Bb6 38. Ne2 Qb7 39. Bd2 Nb5 40. a4 Nd4 41. Nxd4 Bxd4
42. Bb3 Bd7 43. Rc4 Rg8 44. Rxd4 exd4 45. e5+ Kh8 46. e6 Rff8 47. Qf5 Be8 48Bc2 g5 49. hxg6 Rxg6 50. Bxh6 1-0

[Event "Gibtelecom Masters 8th"]
[Site "Gibraltar"]
[Date "2010.02.03"]
[Round "9.40"]
[White "Chapman, Terry P D"]
[Black "Zaremba, Andrie"]
[Result "0-1"]
[WhiteElo "2221"]
[BlackElo "2360"]
[PlyCount "80"]
[EventDate "2010.01.26"]
[EventType "swiss"]
[EventRounds "10"]
[EventCountry "GGB"]
[SourceDate "2005.02.07"]

1. Nf3 d5 2. g3 Nf6 3. Bg2 c6 4. O-O Bf5 5. d3 Nbd7 6. Nbd2 e5 7. e4 dxe4 8dxe4 Be6 9. Qe2 Ng4 10. h3 Ngf6 11. b3 Qc7 12. a4 Bb4 13. Bb2 O-O 14. Nc4 Bxc4
15. Qxc4 a5 16. Kh1 Rfe8 17. Nh4 g6 18. Rad1 Rad8 19. Qe2 Nf8 20. Qe3 Ne6 21f4 Rxd1 22. Rxd1 exf4 23. gxf4 Nh5 24. Be5 Qe7 25. Nf5 gxf5 26. Bf3 Qh4 27Bxh5 Qxh5 28. Rg1+ Kf8 29. Qg3 fxe4 30. f5 Qf3+ 31. Qxf3 exf3 32. fxe6 Rxe6 33Bg7+ Ke7 34. Rf1 Re1 35. Rxe1+ Bxe1 36. Kg1 b5 37. Kf1 f2 38. Bd4 Ke6 39. c3
bxa4 40. bxa4 Kd5 0-1

[Event "Gibtelecom Masters 8th"]
[Site "Gibraltar"]
[Date "2010.02.03"]
[Round "9.41"]
[White "Camus de Solliers, Guillau"]
[Black "Kvisla, Johannes Luangtep"]
[Result "1/2-1/2"]
[WhiteElo "2356"]
[BlackElo "2161"]
[PlyCount "181"]
[EventDate "2010.01.26"]
[EventType "swiss"]
[EventRounds "10"]
[EventCountry "GGB"]
[SourceDate "2005.02.07"]

1. d4 d5 2. c4 c6 3. Nc3 Nf6 4. e3 e6 5. Nf3 Nbd7 6. Bd3 dxc4 7. Bxc4 b5 8. Bd3
Bd6 9. O-O O-O 10. Qc2 Bb7 11. a3 a6 12. e4 e5 13. Rd1 Qc7 14. h3 h6 15. a4 b4
16. dxe5 Nxe5 17. Nxe5 Bxe5 18. Ne2 Bd6 19. f4 Be7 20. e5 Nd7 21. Ng3 Nc5 22Bc4 Bc8 23. Be3 Be6 24. Bxe6 Nxe6 25. Nf5 c5 26. Qe4 Rfe8 27. Rac1 Rac8 28. b3
Bf8 29. Nd6 Bxd6 30. Rxd6 a5 31. f5 Ng5 32. Qd5 Qe7 33. Bf4 Rc7 34. Rc4 Kh8 35f6 Qf8 36. Bxg5 hxg5 37. Rxc5 Rxc5 38. Qxc5 gxf6 39. exf6 Re1+ 40. Kf2 Re6 41Rc6 Rxf6+ 42. Kg3 Qxc5 43. Rxc5 Rd6 44. Rf5 f6 45. Rxa5 Kg7 46. Rf5 Kg6 47. Rf3
Rd2 48. h4 gxh4+ 49. Kxh4 Rd4+ 50. Kg3 Kg5 51. Kf2 Rd2+ 52. Ke3 Rxg2 53. Kd4
Rc2 54. Rf1 f5 55. Ra1 f4 56. a5 f3 57. a6 f2 58. a7 Rc8 59. Ke3 Rf8 60. Ke2
Kg4 61. Kf1 Ra8 62. Kxf2 Kf4 63. Ra4 Ke5 64. Ke3 Kd5 65. Ra5+ Kc6 66. Kd4 Kb6
67. Ra4 Rxa7 68. Rxb4+ Kc6 69. Rb8 Rh7 70. Rg8 Rh4+ 71. Kc3 Kb7 72. Rg6 Rf4 73b4 Rh4 74. Kb3 Rf4 75. Ka4 Rf5 76. Rg4 Rf6 77. Ka5 Rh6 78. Rg7+ Kb8 79. Rf7 Rg6
80. b5 Rh6 81. Rf8+ Kb7 82. Rg8 Rf6 83. Rg5 Rh6 84. Rg7+ Kb8 85. Kb4 Rf6 86Rg5 Kb7 87. Kc5 Rh6 88. Rg7+ Kb8 89. Rd7 Rg6 90. Rd6 Rxd6 91. Kxd6 1/2-1/2

[Event "Gibtelecom Masters 8th"]
[Site "Gibraltar"]
[Date "2010.02.03"]
[Round "9.42"]
[White "Ogada-Osir, Ibrahim Okinyi"]
[Black "Reizniece, Dana"]
[Result "0-1"]
[WhiteElo "2104"]
[BlackElo "2341"]
[PlyCount "68"]
[EventDate "2010.01.26"]
[EventType "swiss"]
[EventRounds "10"]
[EventCountry "GGB"]
[SourceDate "2005.02.07"]

1. Nf3 Nf6 2. e3 g6 3. d4 Bg7 4. b4 O-O 5. Bd3 d5 6. Nbd2 Nc6 7. Rb1 e5 8. b5
Nxd4 9. Nxe5 Nf5 10. Bb2 Re8 11. Nef3 Nxe3 12. fxe3 Rxe3+ 13. Be2 Qe7 14. Bd4
Ng4 15. Bxe3 Nxe3 16. Qc1 Nxg2+ 17. Kf2 Qe3+ 18. Kxg2 Qxe2+ 19. Kg3 Bf8 20. Qf1
Bd6+ 21. Kh4 Qe7+ 22. Ng5 f6 23. Qg2 h6 24. Qxd5+ Kg7 25. Qf7+ Qxf7 26. Nxf7
Kxf7 27. Ne4 Be5 28. Rbf1 a6 29. b6 cxb6 30. Rf2 Bf5 31. Ng3 Be6 32. Re1 Kg7
33. Ne4 Rc8 34. Nd6 Rd8 0-1

[Event "Gibtelecom Masters 8th"]
[Site "Gibraltar"]
[Date "2010.02.03"]
[Round "9.43"]
[White "Dittmar, Peter"]
[Black "Gandrud, Vegar Koi"]
[Result "1/2-1/2"]
[WhiteElo "2341"]
[BlackElo "2158"]
[PlyCount "100"]
[EventDate "2010.01.26"]
[EventType "swiss"]
[EventRounds "10"]
[EventCountry "GGB"]
[SourceDate "2005.02.07"]

1. c4 e6 2. g3 d5 3. Bg2 c6 4. Nf3 Nf6 5. O-O Bd6 6. d4 Ne4 7. Nbd2 f5 8. Qc2
O-O 9. Ne5 Nd7 10. Nd3 Qf6 11. Nf3 a5 12. c5 Be7 13. Bf4 g5 14. Bc7 Bd8 15Bxd8 Qxd8 16. Nfe5 Nef6 17. f4 Nxe5 18. Nxe5 Nd7 19. Nd3 b5 20. fxg5 Qxg5 21Nf4 Nf6 22. Qc1 Qg7 23. Qd2 Ra7 24. Bf3 Kh8 25. Qe3 Re7 26. Qe5 Nd7 27. Qxg7+
Kxg7 28. e3 e5 29. Ng2 Nf6 30. Rf2 exd4 31. exd4 Ne4 32. Re2 b4 33. Rae1 Ba6
34. Re3 Bc4 35. b3 Bb5 36. Nf4 Ra8 37. Be2 Bxe2 38. R1xe2 Rf7 39. Rf3 Kh6 40Nd3 Rf6 41. Rf4 Rg8 42. Rh4+ Kg7 43. Re3 h6 44. Nf4 Kh7 45. Kg2 Rg4 46. Rh5 Rg5
47. Rh3 Rg4 48. Rh5 Rg5 49. Rh4 Rg4 50. Rh5 Rg5 1/2-1/2

[Event "Gibtelecom Masters 8th"]
[Site "Gibraltar"]
[Date "2010.02.03"]
[Round "9.44"]
[White "Kawuma, Steven Male"]
[Black "Zozulia, Anna"]
[Result "1-0"]
[WhiteElo "2187"]
[BlackElo "2321"]
[PlyCount "179"]
[EventDate "2010.01.26"]
[EventType "swiss"]
[EventRounds "10"]
[EventCountry "GGB"]
[SourceDate "2005.02.07"]

1. e4 c5 2. Nf3 Nc6 3. d4 cxd4 4. Nxd4 Qb6 5. Nb3 Nf6 6. Nc3 e6 7. Bd3 a6 8O-O Qc7 9. f4 d6 10. a3 b5 11. Be3 h5 12. h3 Rb8 13. Nd4 Bb7 14. Nf3 Be7 15Qe1 Nd7 16. Qg3 g6 17. Ng5 Rg8 18. Kh2 Qd8 19. h4 Nf6 20. Kh1 Ng4 21. Bg1 Qd7
22. Rad1 f6 23. Nf3 Nd8 24. Be2 Nf7 25. Nd4 Kf8 26. Bxg4 hxg4 27. f5 gxf5 28exf5 e5 29. Ne6+ Ke8 30. Be3 d5 31. Nxd5 Bxd5 32. Rxd5 Qb7 33. Rfd1 Nd8 34Nxd8 Rxd8 35. Rxd8+ Bxd8 36. Bc5 Qe4 37. Qb3 Qc4 38. Qxc4 bxc4 39. g3 Be7 40Rd5 Rg7 41. Kg2 Bxc5 42. Rxc5 Rb7 43. Rxc4 Rxb2 44. Kf2 Kd7 45. Ke2 Ra2 46. a4
Kd6 47. Kd2 Kd5 48. Rxg4 e4 49. h5 Rxa4 50. Rh4 Rc4 51. h6 Rc8 52. h7 Rh8 53Ke3 a5 54. c4+ Kxc4 55. Rxe4+ Kb3 56. Re7 a4 57. Rf7 a3 58. Rxf6 Rxh7 59. Rb6+
Kc2 60. Ra6 Kb2 61. Kf4 a2 62. g4 Rh1 63. f6 a1=Q 64. Rxa1 Rxa1 65. g5 Kc3 66g6 Kd4 67. g7 Rf1+ 68. Kg5 Ke5 69. f7 Rf5+ 70. Kg4 Rf4+ 71. Kg3 Rxf7 72. g8=Q
Rb7 73. Qe8+ Kd6 74. Kf4 Rb4+ 75. Kf5 Rb7 76. Qe5+ Kc6 77. Ke6 Rb6 78. Qc3+
Kb7+ 79. Kd7 Ka7 80. Qa3+ Kb7 81. Qa5 Ra6 82. Qd5+ Kb6 83. Qc4 Ra7+ 84. Kd6 Rb7
85. Qa4 Rb8 86. Qb4+ Ka7 87. Qa5+ Kb7 88. Kd7 Rh8 89. Qd5+ Ka6 90. Qa2+ 1-0

[Event "Gibtelecom Masters 8th"]
[Site "Gibraltar"]
[Date "2010.02.03"]
[Round "9.45"]
[White "Wantiez, Fabrice"]
[Black "Nilsen, Joachim Birger"]
[Result "1-0"]
[WhiteElo "2315"]
[BlackElo "2152"]
[PlyCount "102"]
[EventDate "2010.01.26"]
[EventType "swiss"]
[EventRounds "10"]
[EventCountry "GGB"]
[SourceDate "2005.02.07"]

1. e4 c5 2. Nf3 d6 3. d4 cxd4 4. Nxd4 Nf6 5. Nc3 g6 6. g3 Bg7 7. Bg2 O-O 8. O-Nc6 9. Re1 Nxd4 10. Qxd4 Be6 11. Qb4 Rb8 12. Be3 a5 13. Qb5 Bd7 14. Qb3 b5 15Nd5 Nxd5 16. exd5 Bf6 17. Rad1 a4 18. Qb4 Rc8 19. c3 Rc4 20. Qa3 Qb8 21. Bd2
Qb7 22. Bf1 Bg4 23. Bxc4 bxc4 24. Qxa4 Bxd1 25. Rxd1 Qxb2 26. Qxc4 Ra8 27. Bh6
Qxa2 28. Qc6 Qa7 29. Rb1 Rb8 30. Rb4 Rd8 31. Kg2 Qa8 32. Rb7 Rc8 33. Qb5 Bxc3
34. Rxe7 Bg7 35. Bf4 Bf8 36. Rb7 Qa2 37. Qd3 Qc4 38. Qf3 Rc7 39. Rb8 Rc8 40Rb6 Qc5 41. Rc6 Rxc6 42. dxc6 Bg7 43. Be3 Qc4 44. Bf4 Qc5 45. Qe4 Be5 46. Bh6
f5 47. Qa4 Kf7 48. Qa8 d5 49. Qb7+ Qe7 50. Bg5 Bf6 51. Qxe7+ Bxe7 1-0

[Event "Gibtelecom Masters 8th"]
[Site "Gibraltar"]
[Date "2010.02.03"]
[Round "9.46"]
[White "Osuna Vega, Enrique"]
[Black "Andre, Gordon"]
[Result "0-1"]
[WhiteElo "2128"]
[BlackElo "2308"]
[PlyCount "74"]
[EventDate "2010.01.26"]
[EventType "swiss"]
[EventRounds "10"]
[EventCountry "GGB"]
[SourceDate "2005.02.07"]

1. d4 d5 2. Nf3 Nf6 3. c4 c6 4. Nc3 e6 5. cxd5 exd5 6. Bf4 Bf5 7. Nh4 Be6 8Nf3 Nbd7 9. e3 Be7 10. h3 Qb6 11. Rb1 Bf5 12. Bd3 Bxd3 13. Qxd3 O-O 14. O-O a5
15. g4 Qd8 16. a4 Re8 17. Kg2 Nf8 18. Bg3 Ng6 19. Ne5 Nxe5 20. Bxe5 Bd6 21Bxd6 Qxd6 22. f3 Re6 23. Qd2 Rae8 24. Nd1 b6 25. b4 axb4 26. Qxb4 c5 27. Qa3 h5
28. a5 Ra8 29. dxc5 bxc5 30. Rb5 h4 31. f4 Ne4 32. Nf2 d4 33. Nxe4 Qc6 34. Qxc5
Qxe4+ 35. Rf3 dxe3 36. Qc1 e2 37. Qe1 Rd8 0-1

[Event "Gibtelecom Masters 8th"]
[Site "Gibraltar"]
[Date "2010.02.03"]
[Round "9.47"]
[White "Kantans, Toms"]
[Black "Demac, Elias"]
[Result "1/2-1/2"]
[WhiteElo "2303"]
[BlackElo "2104"]
[PlyCount "86"]
[EventDate "2010.01.26"]
[EventType "swiss"]
[EventRounds "10"]
[EventCountry "GGB"]
[SourceDate "2005.02.07"]

1. d4 d5 2. c4 c6 3. Nc3 Nf6 4. cxd5 cxd5 5. Bf4 a6 6. e3 Nc6 7. Nf3 Bg4 8. Rc1
Rc8 9. Bd3 e6 10. Qa4 Bxf3 11. gxf3 Bd6 12. Bxd6 Qxd6 13. a3 O-O 14. f4 Nd7 15Rg1 f5 16. Ke2 Ra8 17. Qb3 b5 18. Rg5 Na5 19. Qa2 Nf6 20. f3 Rf7 21. Kf2 Rb8
22. Ne2 Rc7 23. Rcg1 Kh8 24. Qb1 Nc4 25. Ng3 b4 26. a4 b3 27. Bxc4 dxc4 28. Ne2
Nd5 29. e4 Nxf4 30. e5 Nd3+ 31. Qxd3 cxd3 32. exd6 Rc2 33. Ke3 dxe2 34. d5 exd5
35. Rxf5 Re8+ 36. Kd3 g6 37. d7 Rd8 38. Rxd5 Rc7 39. Kxe2 Rcxd7 40. Rxd7 Rxd7
41. Rd1 Rc7 42. Ke3 Rc4 43. Rd4 Rc2 1/2-1/2